000 00734cam a2200253 4500
001 ABS61912
008 000000n2000 000 0 eng u
035 _a(Sirsi) u104399
245 _aFocus 2000 - East Midlands offices, retail and leisure
260 _c2000
490 _aEstates Gazette
_v0006 12 February 2000 109-139(14)
590 _aABS
650 _aNOTTINGHAM
650 _aLEICESTER
650 _aDERBY
650 _aNORTHAMPTON
650 _aLINCOLNSHIRE
650 _aPROPERTY-COMMERCIAL PROPERTY-RETAIL PROPERTY-RETAIL PROPERTY MARKET
650 _aLEISURE MARKET
650 _aCAR PARKING
650 _aREGENERATION
690 _aPROPERTY-COMMERCIAL PROPERTY-COMMERCIAL PROPERTY MARKET
942 _n0
999 _c62636
_d62636